Children in South Asia: (Record no. 3146)

MARC details
000 -LEADER
fixed length control field 005840000a22001690004500
008 - FIXED-LENGTH DATA ELEMENTS--GENERAL INFORMATION
fixed length control field 230817t ||||| |||| 00| 0 eng d
082 ## - DEWEY DECIMAL CLASSIFICATION NUMBER
Classification number 323.352
Item number AMN
942 ## - ADDED ENTRY ELEMENTS (KOHA)
Item Type Reports
110 ## - MAIN ENTRY--CORPORATE NAME
Corporate Name Amnesty International
245 ## - TITLE STATEMENT
Title Children in South Asia:
Sub Title securing their rights
260 ## - PUBLICATION, DISTRIBUTION, ETC. (IMPRINT)
Place of Publication London:
Name of Publisher Amnesty International,
Date of Copyright 1998
300 ## - PHYSICAL DESCRIPTION
Extent 52 p. : ill. ; 28 cm
856 ## - ELECTRONIC LOCATION AND ACCESS
Uniform Resource Identifier <a href="https://www.amnesty.org/en/documents/asa04/001/1998/en/">https://www.amnesty.org/en/documents/asa04/001/1998/en/</a>
650 ## - SUBJECT ADDED ENTRY--TOPICAL TERM
Topical Term Children- South Asia- Social conditions
650 ## - SUBJECT ADDED ENTRY--TOPICAL TERM
Topical Term Children's rights- South Asia
650 ## - SUBJECT ADDED ENTRY--TOPICAL TERM
Topical Term Juvenile justice, Administration of South Asia
Holdings
Withdrawn status Lost status Damaged status Not for loan Permanent location Current location Date acquired Total Checkouts Full call number Barcode Date last seen Price effective from Koha item type
        Resource center, Muslim Women's Research And Action Forum Resource center, Muslim Women's Research And Action Forum 2023-08-17   323.352 AMN RAF3922 2023-08-17 2023-08-17 Books

Copyright © 2023 Muslim Women's Research and Action Forum (MWRAF), No 27/3, Anderson Road, Kalubowila, Dehiwela. Funded by The Asia Fundation